[Event "ZI-2007-0-00178"]
[Site "LSS email"]
[Date "2007.11.09"]
[Round "?"]
[White "Dehaybe, Andre"]
[Black "Rodes, Eduardo"]
[Result "1-0"]
[WhiteElo "1761"]
[BlackElo "1629"]
[PlyCount "29"]
[EventDate "2007.11.09"]
[EventType "match (corr)"]
[EventRounds "2"]
[EventCountry "GER"]
[SourceTitle "Corr 2015"]
[Source "ChessBase"]
[SourceDate "2015.07.17"]
[SourceVersion "1"]
[SourceVersionDate "2015.07.17"]
[SourceQuality "1"]

1. e4 c6 2. d4 d5 3. e5 Bf5 4. Nf3 e6 5. Be2 Nd7 6. 0-0 c5 7. c4 Qc7 8. cxd5 exd5 9. Nc3 Be6 10. Nb5 Qb6 11. dxc5 Bxc5 12. b4 Bxb4 13. Rb1 a5 14. a3 Ne7 15. axb4 1-0